Religious festivals and caste system in India during 19th century / (Record no. 67962)

MARC details
000 -LEADER
fixed length control field 00600nam a22001577a 4500
005 - DATE AND TIME OF LATEST TRANSACTION
control field 20120615112423.0
020 ## - INTERNATIONAL STANDARD BOOK NUMBER
International Standard Book Number 8185495700
Terms of availability Rs.595.00 (hbk)
035 ## - SYSTEM CONTROL NUMBER
System control number B-107364
037 ## - SOURCE OF ACQUISITION
Stock number DPL
Source of stock number/acquisition ENG
100 ## - MAIN ENTRY--PERSONAL NAME
Personal name Oman, John Campbell
245 ## - TITLE STATEMENT
Title Religious festivals and caste system in India during 19th century /
Statement of responsibility, etc by John Campbell Oman
260 ## - PUBLICATION, DISTRIBUTION, ETC. (IMPRINT)
Place of publication, distribution, etc New Delhi
Name of publisher, distributor, etc Khama Publishers
Date of publication, distribution, etc 2003
300 ## - PHYSICAL DESCRIPTION
Extent v, 302p.
Dimensions 20 cms.
942 ## - ADDED ENTRY ELEMENTS (KOHA)
Source of classification or shelving scheme Dewey Decimal Classification
Item type English Books
Classification part 394.26
Call number suffix OMA
Holdings
Withdrawn status Lost status Not for loan Collection code Home library Current library Date acquired Cost, normal purchase price Full call number Barcode Cost, replacement price Koha item type
      Non-fiction Sarojini Nagar Sarojini Nagar 15/06/2012 595.00 394.26 OMA B-107364 595.00 English Books
      Non-fiction Sarojini Nagar Sarojini Nagar 07/03/2019   394.26 OMA B-084433   English Books

© Delhi Public Library
Hit Counter
free hit counter